Sports Quiz

Random Sports or Capital Quiz

Division 1 Capital Schools Quiz Stats

 Plays Quiz not verified by Sporcle

Challenge
Share
Tweet
Embed
Score 0/41 Timer 05:00
0 Plays Today
Conference School % Correct
ACCFlorida State
89%
Big 12University of Texas
88.2%
Big TenThe Ohio State University
82.4%
Big TenUniversity of Wisconsin- Madison
82.4%
SECLouisiana State University
80.9%
ACCGeorgia Tech
78.7%
ACCNorth Carolina State
77.2%
SECVanderbilt University
75.7%
SECUniversity of South Carolina
73.5%
America EastUniversity of Albany
67.6%
America EastBoston University
66.2%
Big EastProvidence College
66.2%
Big Ten/ 12University of Nebraska- Lincoln
64.7%
Ivy LeagueBrown University
61.8%
WACBoise State University
61.8%
Atlantic 10University of Richmond
59.6%
Mountain WestUniversity of Utah
58.8%
HorizonButler University
54.4%
Patriot LeagueUnited States Naval Academy
54.4%
Big EastGeorgetown University
52.2%
Sun BeltUniversity of Denver
47.8%
Conference School % Correct
WACUniversity of Hawaii at Manoa
45.6%
America EastUniversity of Hartford
41.9%
Atlantic 10George Washington University
39.7%
Sun BeltUniversity of Arkansas at Little Rock
39%
SWACJackson State
37.5%
SummitIndiana University- Purdue University Indianapolis
36.8%
ColonialVirginia Commonwealth University
34.6%
Missouri ValleyDrake University
33.8%
Patriot LeagueAmerican University
30.1%
ColonialNortheastern University
29.4%
Atlantic SunBelmont University
27.2%
Mid-EasternDelaware State
24.3%
SWACSouthern
24.3%
ColonialGeorgia State University
22.8%
Mid-EasternHoward University
22.1%
Mid-EasternFlorida A&M
21.3%
Big SkyCalifornia State University- Sacramento
19.9%
SWACAlabama State
19.9%
Ohio Valley ConferenceTennessee State University
15.4%
Atlantic SunLipscomb University
14%

You're not logged in!

Compare scores with friends on all Sporcle quizzes.
Join for Free
OR
Log In

You Might Also Like...

Show Comments

Extras

Top Quizzes Today


Score Distribution

Your Account Isn't Verified!

In order to create a playlist on Sporcle, you need to verify the email address you used during registration. Go to your Sporcle Settings to finish the process.

Report this User

Report this user for behavior that violates our Community Guidelines.

Details: